000 00464nam a2200181Ia 4500
008 090123s9999 xx 000 0 und d
082 _b876
100 _aसंत इंदिरा
245 _aमृगजळ
250 _a1
260 _bभागवत वा.पु.
300 _a90
600 _aसंत इंदिरा
630 _aमृगजळ
700 _aसंत इंदिरा
730 _aमृगजळ
942 _cBOOK
999 _c38963
_d38963